Mejoras pedagógicas del docente de ciencias sociales en la jornada extendida, nivel secundario, Distrito Educativo 16-02 de Fantino, año escolar 2015-2016 / José Miguel Nicasio Estévez, Juana Taveras de la Cruz y Marisela Suero Adames. Asesor: Prebisterio Lora de la Cruz, M.A (Registro nro. 17807)

Detalles MARC
000 -LEADER
fixed length control field 00733nam a22001811a 4500
001 - CONTROL NUMBER
control field 17807
003 - CONTROL NUMBER IDENTIFIER
control field OSt
005 - DATE AND TIME OF LATEST TRANSACTION
control field 20260204212334.0
008 - FIXED-LENGTH DATA ELEMENTS--GENERAL INFORMATION
fixed length control field 161227s2016||||dr ||||||b||||||||||spa||
090 ## - LOCALLY ASSIGNED LC-TYPE CALL NUMBER (OCLC); LOCAL CALL NUMBER (RLIN)
Classification number (OCLC) (R) ; Classification number, CALL (RLIN) (NR) ET-2016-027
100 ## - ASIENTO PRINCIPAL -- NOMBRE PERSONAL
Personal name Nicasio Estévez, José Miguel
245 ## - TÍTULO PROPIAMENTE DICHO: SUBTÍTULO
Title Mejoras pedagógicas del docente de ciencias sociales en la jornada extendida, nivel secundario, Distrito Educativo 16-02 de Fantino, año escolar 2015-2016 / José Miguel Nicasio Estévez, Juana Taveras de la Cruz y Marisela Suero Adames. Asesor: Prebisterio Lora de la Cruz, M.A
264 ## - PRODUCTION, PUBLICATION, DISTRIBUTION, MANUFACTURE, AND COPYRIGHT NOTICE
Place of production, publication, distribution, manufacture Santo Domingo: El Autor
300 ## - PHYSICAL DESCRIPTION
Extensión 87 p.
502 ## - THESIS NOTE
Dissertation note Tesis (Educación, Ciencias Sociales)
650 ## - ASIENTO SECUNDARIO DE MATERIA -- TERMINO TOPICO
Asiento secundario de materia EDUCACIÓN 2. CIENCIAS SOCIALESÌ
942 ## - ADDED ENTRY ELEMENTS (KOHA)
Source of classification or shelving scheme Dewey Decimal Classification
Koha item type Tesis
Existencias
Withdrawn status Lost status Source of classification or shelving scheme Damaged status Not for loan Current library Date acquired Total Checkouts Full call number Barcode Date last seen Price effective from Koha item type
    Dewey Decimal Classification     Biblioteca UTECO 09/09/2019   ET-2016-027 ET-2016-027 09/09/2019 09/09/2019 Tesis
© 2021 Derechos Reservados UTECO - Teléfono: +1 809-585-2291 - Correo electrónico: biblioteca@uteco.edu.do​  
Código postal 43000 ​​
Dirección: Avenida Universitaria No. 100, 
Cotuí, Provincia Sánchez Ramírez, República Dominicana - RNC: 404-00059-6